<?xml version="1.0" encoding="UTF-8"?>
<record
    xmlns:xsi="http://www.w3.org/2001/XMLSchema-instance"
    xsi:schemaLocation="http://www.loc.gov/MARC21/slim http://www.loc.gov/standards/marcxml/schema/MARC21slim.xsd"
    xmlns="http://www.loc.gov/MARC21/slim">

  <leader>03982nam a22002537a 4500</leader>
  <controlfield tag="005">20240305165548.0</controlfield>
  <controlfield tag="007">cr||||   |||| </controlfield>
  <controlfield tag="008">200605s2020    es |||||s|||| 00||0 spa d</controlfield>
  <datafield tag="020" ind1=" " ind2=" ">
    <subfield code="a">978-84-121481-2-1</subfield>
  </datafield>
  <datafield tag="035" ind1=" " ind2=" ">
    <subfield code="a">31718</subfield>
  </datafield>
  <datafield tag="040" ind1=" " ind2=" ">
    <subfield code="a">vLex</subfield>
  </datafield>
  <datafield tag="090" ind1=" " ind2=" ">
    <subfield code="c">10558</subfield>
    <subfield code="d">10558</subfield>
  </datafield>
  <datafield tag="100" ind1="1" ind2=" ">
    <subfield code="a">Linares, Mar&#xED;a Bel&#xE9;n</subfield>
  </datafield>
  <datafield tag="245" ind1="1" ind2="2">
    <subfield code="a">El delito de defraudaci&#xF3;n tributaria</subfield>
    <subfield code="h">[Recurso electr&#xF3;nico] :</subfield>
    <subfield code="b">An&#xE1;lisis dogm&#xE1;tico de los Art&#xED;culos 305 y 305 bis del C&#xF3;digo Penal Espa&#xF1;ol /</subfield>
    <subfield code="c">Mar&#xED;a Bel&#xE9;n Linares</subfield>
  </datafield>
  <datafield tag="256" ind1=" " ind2=" ">
    <subfield code="a">Servicio en l&#xED;nea</subfield>
  </datafield>
  <datafield tag="260" ind1=" " ind2=" ">
    <subfield code="a">Barcelona:</subfield>
    <subfield code="b">J.M. Bosch Editor,</subfield>
    <subfield code="c">2020</subfield>
  </datafield>
  <datafield tag="300" ind1=" " ind2=" ">
    <subfield code="a">1 recurso electr&#xF3;nico</subfield>
  </datafield>
  <datafield tag="500" ind1=" " ind2=" ">
    <subfield code="a">El delito de defraudaci&#xF3;n tributaria es la infracci&#xF3;n central del T&#xED;tulo XIV del Libro II del C&#xF3;digo penal espa&#xF1;ol: su relevancia se debe, no s&#xF3;lo a cuestiones hist&#xF3;ricas y pr&#xE1;cticas, sino al arsenal de cuestiones dogm&#xE1;ticas que suscita el tipo en cuesti&#xF3;n. El presente libro analiza con detenimiento todas esas cuestiones, algunas muy discutidas en la doctrina y la jurisprudencia: su g&#xE9;nesis normativa, la determinaci&#xF3;n del bien jur&#xED;dico protegido, las modalidades t&#xED;picas de acci&#xF3;n y el empleo de la t&#xE9;cnica de una ley penal en blanco, la imputaci&#xF3;n objetiva y subjetiva del comportamiento fiscal defraudatorio, la concurrencia de causas de inimputabilidad, el &#xE1;mbito de la punibilidad, el instituto de la regularizaci&#xF3;n de la situaci&#xF3;n tributaria, la determinaci&#xF3;n del momento consumativo, la posibilidad de tentativa, la viabilidad del desistimiento voluntario, su configuraci&#xF3;n como un delito especial, su incidencia en el &#xE1;mbito de la intervenci&#xF3;n delictiva, la responsabilidad penal de la persona jur&#xED;dica por la comisi&#xF3;n de una defraudaci&#xF3;n tributaria, la atenuaci&#xF3;n punitiva, los tipos cualificados del delito, la prescripci&#xF3;n penal y las relaciones concursales con determinadas figuras legales con las que guarda una singular proximidad delictiva. El lector interesado en conocer el estado actual de discusi&#xF3;n doctrinal y jurisprudencial sobre el tipo penal de defraudaci&#xF3;n tributaria encontrar&#xE1; en estas p&#xE1;ginas una exposici&#xF3;n rigurosa y exhaustiva a un tiempo. La autora, Mar&#xED;a Bel&#xE9;n Linares, es Doctora en Derecho por la Universidad de Sevilla con la m&#xE1;xima calificaci&#xF3;n acad&#xE9;mica y ha obtenido el Premio Extraordinario de Doctorado. Es disc&#xED;pula del Profesor Polaino Navarrete, Catedr&#xE1;tico Em&#xE9;rito de Derecho Penal en dicha Universidad. Mar&#xED;a Bel&#xE9;n Linares es Abogada y Especialista en Derecho Penal por la Universidad de Belgrano (Argentina), Licenciada en Derecho, Experta Universitaria en Victimolog&#xED;a y Doctora en Derecho por la Universidad de Sevilla, donde ha obtenido el Premio Extraordinario de Doctorado. Es disc&#xED;pula del Profesor Miguel Polaino Navarrete, Catedr&#xE1;tico Em&#xE9;rito de dicha Universidad. Beneficiaria de una ayuda predoctoral para la Formaci&#xF3;n de Profesorado Universitario, financiada por el Ministerio de Educaci&#xF3;n, Cultura y Deporte del Gobierno de Espa&#xF1;a. Fue docente e investigadora en el Departamento de Derecho penal y Ciencias criminales de la Universidad de Sevilla. Autora de varias publicaciones en Argentina, Brasil, Colombia, Per&#xFA;, M&#xE9;xico y Espa&#xF1;a, y conferenciante en eventos jur&#xED;dicos en Argentina, Brasil, Espa&#xF1;a e Italia. En la actualidad es docente en la Universidad de Belgrano y en la Pontificia Universidad Cat&#xF3;lica Argentina Santa Mar&#xED;a de los Buenos Aires (Argentina).</subfield>
  </datafield>
  <datafield tag="506" ind1="1" ind2=" ">
    <subfield code="a">Disponible solo en los productos indicados</subfield>
    <subfield code="d">vLex Global</subfield>
    <subfield code="d">vLex Global (Academic Edition, excluding Law Schools)</subfield>
    <subfield code="d">vLex Global (U.S. Academic Edition, Law Schools)</subfield>
    <subfield code="d">vLex Global (U.S. Academic Edition, excluding Law Schools)</subfield>
    <subfield code="d">vLex Global (Academic Edition, Law Schools)</subfield>
  </datafield>
  <datafield tag="650" ind1="0" ind2="4">
    <subfield code="a">Procedimiento Penal</subfield>
    <subfield code="z">Espa&#xF1;a</subfield>
  </datafield>
  <datafield tag="740" ind1="0" ind2=" ">
    <subfield code="a">vLex Libros (Servicio en l&#xED;nea)</subfield>
  </datafield>
  <datafield tag="856" ind1="4" ind2="0">
    <subfield code="u">https://app.vlex.com/#/sources/delito-de-defraudacion-tributaria-analisis-dogmatico-de-los-articulos-305-y-305-bis-del-codigo-penal-espa-ol-31718</subfield>
  </datafield>
  <datafield tag="942" ind1=" " ind2=" ">
    <subfield code="c">RAA</subfield>
  </datafield>
  <datafield tag="952" ind1=" " ind2=" ">
    <subfield code="0">0</subfield>
    <subfield code="1">0</subfield>
    <subfield code="4">0</subfield>
    <subfield code="7">0</subfield>
    <subfield code="8">VLEX</subfield>
    <subfield code="9">326754</subfield>
    <subfield code="a">BD-UIN</subfield>
    <subfield code="b">BD-UIN</subfield>
    <subfield code="d">2024-03-05</subfield>
    <subfield code="l">0</subfield>
    <subfield code="p">31718</subfield>
    <subfield code="r">2024-03-05</subfield>
    <subfield code="w">2024-03-05</subfield>
    <subfield code="y">RAA</subfield>
  </datafield>
  <datafield tag="999" ind1=" " ind2=" ">
    <subfield code="c">168794</subfield>
    <subfield code="d">168794</subfield>
  </datafield>
</record>
